[Event "GBR-ch87"]
[Site "Millfield"]
[Date "2000.08.01"]
[Round "2.22"]
[White "Simons, Martin"]
[Black "Spence, David J"]
[Result "1/2-1/2"]
[WhiteElo "2226"]
[BlackElo "2153"]
[PlyCount "49"]
[EventDate "2000.07.31"]
[EventType "swiss"]
[EventRounds "11"]
[EventCountry "GBR"]
[SourceTitle "BritBase"]
[SourceDate "2008.07.14"]
[SourceVersion "1"]
[SourceVersionDate "2008.07.14"]
[SourceQuality "2"]

1. e4 e6 2. Nf3 d5 3. Nc3 Nf6 4. e5 Nfd7 5. d4 c5 6. dxc5 Nc6 7. Bf4 a6 8. Bd3
Bxc5 9. O-O f6 10. exf6 Nxf6 11. Ne5 Nxe5 12. Bxe5 O-O 13. Qe2 Bd7 14. Rae1 Qe8
15. a3 Qh5 16. Qxh5 Nxh5 17. g3 Nf6 18. h3 Rad8 19. Ne2 Ne4 20. Nd4 Bxd4 21.
Bxd4 Nd2 22. f4 Nxf1 23. Bxf1 Rc8 24. c3 Rfe8 25. Re5 1/2-1/2

[Event "GBR-ch87"]
[Site "Millfield"]
[Date "2000.08.01"]
[Round "2.23"]
[White "Barton, R Alan"]
[Black "Lilley, Graham"]
[Result "1/2-1/2"]
[WhiteElo "2145"]
[BlackElo "2224"]
[PlyCount "30"]
[EventDate "2000.07.31"]
[EventType "swiss"]
[EventRounds "11"]
[EventCountry "GBR"]
[SourceTitle "BritBase"]
[SourceDate "2008.07.14"]
[SourceVersion "1"]
[SourceVersionDate "2008.07.14"]
[SourceQuality "2"]

1. Nf3 g6 2. d4 Bg7 3. c3 d6 4. h3 Nd7 5. e4 e5 6. dxe5 dxe5 7. Bc4 Ngf6 8. O-O
O-O 9. Re1 h6 10. Nbd2 Qe7 11. Nf1 Nb6 12. Bb3 Be6 13. Bxe6 Qxe6 14. Qb3 Qxb3
15. axb3 Nfd7 1/2-1/2

[Event "GBR-ch87"]
[Site "Millfield"]
[Date "2000.08.01"]
[Round "2.24"]
[White "Hempson, Peter"]
[Black "Buckley, Melanie"]
[Result "1-0"]
[WhiteElo "2219"]
[BlackElo "2124"]
[PlyCount "107"]
[EventDate "2000.07.31"]
[EventType "swiss"]
[EventRounds "11"]
[EventCountry "GBR"]
[SourceTitle "BritBase"]
[SourceDate "2008.07.14"]
[SourceVersion "1"]
[SourceVersionDate "2008.07.14"]
[SourceQuality "2"]

1. c4 Nf6 2. Nc3 e6 3. e4 d5 4. e5 d4 5. exf6 dxc3 6. bxc3 Qxf6 7. d4 Nd7 8.
Nf3 h6 9. Bd3 Be7 10. Qe2 Nf8 11. Ne5 Bd6 12. Ng4 Qd8 13. c5 Be7 14. Ne5 Nd7
15. f4 Nxe5 16. fxe5 c6 17. O-O Bg5 18. Qh5 O-O 19. Qf3 Qd5 20. Be4 Qd8 21. Bc2
f5 22. exf6 Qxf6 23. Bxg5 Qxf3 24. Rxf3 Rxf3 25. gxf3 hxg5 26. Be4 Bd7 27. Rb1
Rb8 28. Kf2 Kf7 29. Ke3 b5 30. a4 a6 31. c4 b4 32. a5 Kf6 33. Kd3 Be8 34. Kc2
Bg6 35. Kb3 Bf5 36. Rb2 Rc8 37. Ka4 e5 38. dxe5+ Kxe5 39. Bxf5 Kxf5 40. Rxb4
Kf4 41. Rb6 Kxf3 42. Rxa6 Kg2 43. Ra7 Rg8 44. Rc7 g4 45. a6 Kxh2 46. a7 g5 47.
Rg7 Ra8 48. Ka5 Rxa7+ 49. Rxa7 Kh3 50. Kb6 g3 51. Kxc6 g2 52. Ra1 g4 53. Kd6 g3
54. c6 1-0

[Event "GBR-ch87"]
[Site "Millfield"]
[Date "2000.08.01"]
[Round "2.25"]
[White "Hebbes, Tim"]
[Black "Kemp, Peter D"]
[Result "0-1"]
[WhiteElo "2121"]
[BlackElo "2214"]
[PlyCount "132"]
[EventDate "2000.07.31"]
[EventType "swiss"]
[EventRounds "11"]
[EventCountry "GBR"]
[SourceTitle "BritBase"]
[SourceDate "2008.07.14"]
[SourceVersion "1"]
[SourceVersionDate "2008.07.14"]
[SourceQuality "2"]

1. e4 Nc6 2. Nf3 d6 3. d4 Nf6 4. Nc3 g6 5. Bg5 Bg7 6. Qd2 h6 7. Bh4 g5 8. Bg3
e6 9. O-O-O Nh5 10. d5 Nxg3 11. hxg3 Ne7 12. dxe6 Bxe6 13. Nd4 Qd7 14. f4 Bg4
15. Bb5 c6 16. Be2 Bxe2 17. Ndxe2 O-O-O 18. Qe3 Kb8 19. e5 gxf4 20. gxf4 d5 21.
Ne4 Nf5 22. Qb3 h5 23. N2g3 Nxg3 24. Qxg3 Bh6 25. Ng5 Bxg5 26. Qxg5 Rdg8 27.
Qf6 Qe6 28. Qxe6 fxe6 29. Rh2 Rg4 30. Rf1 Kc7 31. f5 Kd7 32. Kd2 Rg5 33. fxe6+
Kxe6 34. Re1 Rxe5 35. Rxe5+ Kxe5 36. Rh4 Kf5 37. Ra4 Rg8 38. Rxa7 Rxg2+ 39. Ke3
Rg7 40. a4 h4 41. Ra8 Rh7 42. Kf2 h3 43. Kg1 Rg7+ 44. Kh1 Ke5 45. Rh8 Rg2 46.
Rxh3 Rxc2 47. Rb3 Rc4 48. Rxb7 Rxa4 49. Kg2 Rf4 50. b4 d4 51. b5 c5 52. Rc7 Kd5
53. b6 Rf8 54. b7 Rb8 55. Kf3 Kd6 56. Rh7 Kc6 57. Rh6+ Kxb7 58. Ke4 Rd8 59. Kd3
Kc7 60. Kc4 d3 61. Rh1 d2 62. Rd1 Kc6 63. Kc3 Rd4 64. Kc2 Kd5 65. Rh1 Kc4 66.
Rd1 Rd8 0-1

[Event "GBR-ch87"]
[Site "Millfield"]
[Date "2000.08.01"]
[Round "2.26"]
[White "Willmoth, Robert"]
[Black "McDonnell, James"]
[Result "1-0"]
[WhiteElo "2211"]
[BlackElo "2050"]
[PlyCount "75"]
[EventDate "2000.07.31"]
[EventType "swiss"]
[EventRounds "11"]
[EventCountry "GBR"]
[SourceTitle "BritBase"]
[SourceDate "2008.07.14"]
[SourceVersion "1"]
[SourceVersionDate "2008.07.14"]
[SourceQuality "2"]

1. b3 e5 2. Bb2 d6 3. g3 g6 4. Bg2 Bg7 5. e4 Ne7 6. Ne2 Nbc6 7. O-O O-O 8. d4
exd4 9. Nxd4 Nxd4 10. Bxd4 Bxd4 11. Qxd4 Nc6 12. Qd2 Be6 13. h3 f5 14. exf5
Bxf5 15. c4 Qd7 16. Kh2 Rae8 17. Nc3 Nd8 18. g4 Be6 19. Rae1 b6 20. f4 Qg7 21.
Rf2 Bd7 22. Ref1 Kh8 23. Kh1 Bc6 24. Nd5 Bxd5 25. cxd5 Qf6 26. Qd3 a5 27. g5
Qf5 28. Qc3+ Kg8 29. Qxc7 Re3 30. Qxd6 Nf7 31. Qxb6 Rxh3+ 32. Bxh3 Qxh3+ 33.
Kg1 Nxg5 34. fxg5 Qg3+ 35. Rg2 Rxf1+ 36. Kxf1 Qf3+ 37. Qf2 Qd1+ 38. Qe1 1-0

[Event "GBR-ch87"]
[Site "Millfield"]
[Date "2000.08.01"]
[Round "2.27"]
[White "Freeman, Gordon"]
[Black "Jackson, Oliver"]
[Result "1-0"]
[WhiteElo "2047"]
[BlackElo "2209"]
[PlyCount "135"]
[EventDate "2000.07.31"]
[EventType "swiss"]
[EventRounds "11"]
[EventCountry "GBR"]
[SourceTitle "BritBase"]
[SourceDate "2008.07.14"]
[SourceVersion "1"]
[SourceVersionDate "2008.07.14"]
[SourceQuality "2"]

1. e4 c5 2. Nc3 e6 3. g3 Nc6 4. Bg2 g6 5. d3 Bg7 6. Be3 d6 7. f4 Nge7 8. Nf3
O-O 9. O-O Rb8 10. d4 cxd4 11. Nxd4 a6 12. a4 Qc7 13. Nde2 Na5 14. Ba7 Ra8 15.
Bd4 e5 16. Bf2 Nc4 17. b3 Na5 18. Qd2 Bg4 19. Rac1 Rac8 20. h3 Be6 21. Be1 Nac6
22. Bf2 Nb8 23. Nd1 Rfd8 24. Ne3 Nd7 25. g4 exf4 26. Nxf4 Ne5 27. Bh4 Re8 28.
Rcd1 Qc3 29. Qxc3 Rxc3 30. Bxe7 Rxe3 31. Nxe6 fxe6 32. Bxd6 Rc8 33. Rd2 Rec3
34. Rff2 Nc6 35. Rf3 Rxf3 36. Bxf3 Nd4 37. Bd1 Bh6 38. Rg2 Be3+ 39. Kf1 g5 40.
c4 a5 41. e5 Kf7 42. Rg3 Bf4 43. Rd3 Nc6 44. Bf3 Rd8 45. Bxc6 bxc6 46. Ke2 Rd7
47. Rd1 Rb7 48. Rb1 Kg6 49. b4 axb4 50. Rxb4 Ra7 51. Kd3 h5 52. Kc3 hxg4 53.
hxg4 c5 54. Bxc5 Bxe5+ 55. Bd4 Kf6 56. c5 Bxd4+ 57. Kxd4 Rd7+ 58. Ke4 Rc7 59.
Rc4 Rc6 60. a5 Ke7 61. Kd4 Kf6 62. Ra4 Ra6 63. Kc4 Ke5 64. Kb5 Ra8 65. a6 Rb8+
66. Kc6 Rc8+ 67. Kb7 Rxc5 68. a7 1-0

[Event "GBR-ch87"]
[Site "Millfield"]
[Date "2000.08.01"]
[Round "2.28"]
[White "Briggs, Philip"]
[Black "Evans-Quek, Debbie"]
[Result "1-0"]
[WhiteElo "2200"]
[BlackElo "2046"]
[PlyCount "89"]
[EventDate "2000.07.31"]
[EventType "swiss"]
[EventRounds "11"]
[EventCountry "GBR"]
[SourceTitle "BritBase"]
[SourceDate "2008.07.14"]
[SourceVersion "1"]
[SourceVersionDate "2008.07.14"]
[SourceQuality "2"]

1. e4 c5 2. c3 d5 3. exd5 Qxd5 4. d4 e6 5. Nf3 Nf6 6. Be2 Be7 7. c4 Qd8 8. Nc3
cxd4 9. Nxd4 a6 10. Bf4 O-O 11. O-O Nbd7 12. Bg3 Nc5 13. Qc2 Bd6 14. Rad1 Re8
15. Nb3 e5 16. Nxc5 Qe7 17. N5a4 Be6 18. Nb6 Rad8 19. Nbd5 Nxd5 20. Nxd5 Qg5
21. h4 Qh6 22. c5 Rc8 23. Nf6+ gxf6 24. Rxd6 f5 25. Bxe5 Qxh4 26. Qc3 f4 27.
Bf3 b6 28. Rxb6 Qg5 29. Qd4 Bxa2 30. Bxf4 Qxc5 31. Qf6 Qe7 32. Qxe7 Rxe7 33.
Ra1 Bc4 34. Rc1 Re6 35. Rxe6 Bxe6 36. Rxc8+ Bxc8 37. Bh6 Be6 38. b4 Bc4 39. Bh5
Bd3 40. Kh2 Bc4 41. Kg3 Bb5 42. Kf4 Bc4 43. Ke3 Bd5 44. Bf3 Be6 45. Kd4 1-0

[Event "GBR-ch87"]
[Site "Millfield"]
[Date "2000.08.01"]
[Round "2.29"]
[White "Orton, Stephen"]
[Black "Broomfield, Matthew"]
[Result "1/2-1/2"]
[WhiteElo "2045"]
[BlackElo "2192"]
[PlyCount "40"]
[EventDate "2000.07.31"]
[EventType "swiss"]
[EventRounds "11"]
[EventCountry "GBR"]
[SourceTitle "BritBase"]
[SourceDate "2008.07.14"]
[SourceVersion "1"]
[SourceVersionDate "2008.07.14"]
[SourceQuality "2"]

1. e4 Nf6 2. Nc3 d5 3. exd5 Nxd5 4. Bc4 e6 5. Nf3 Nxc3 6. bxc3 c5 7. O-O Be7 8.
Ne5 O-O 9. f4 Nd7 10. d4 Nb6 11. Bd3 f5 12. Be3 Nd5 13. Qe1 Qc7 14. Bd2 b6 15.
Rf3 Bb7 16. Rh3 Rad8 17. g4 b5 18. g5 cxd4 19. Qh4 h6 20. Qh5 Bxg5 1/2-1/2

[Event "GBR-ch87"]
[Site "Millfield"]
[Date "2000.08.01"]
[Round "2.30"]
[White "Rudd, Jack"]
[Black "Pleasants, Allan"]
[Result "1-0"]
[WhiteElo "2176"]
[BlackElo "2040"]
[PlyCount "49"]
[EventDate "2000.07.31"]
[EventType "swiss"]
[EventRounds "11"]
[EventCountry "GBR"]
[SourceTitle "BritBase"]
[SourceDate "2008.07.14"]
[SourceVersion "1"]
[SourceVersionDate "2008.07.14"]
[SourceQuality "2"]

1. e4 g6 2. d4 Bg7 3. c4 d6 4. Nc3 Nc6 5. d5 Nd4 6. Be3 c5 7. Nge2 Nxe2 8. Bxe2
Qa5 9. Bd2 Nf6 10. O-O O-O 11. a3 Bd7 12. Qc2 Qc7 13. h3 e6 14. Bf4 e5 15. Be3
Rae8 16. b4 b6 17. Rfb1 Nxe4 18. Nxe4 f5 19. bxc5 bxc5 20. Nc3 f4 21. Bd2 e4
22. Nxe4 f3 23. Bxf3 Bxa1 24. Rxa1 Bxh3 25. Qc3 1-0

[Event "GBR-ch87"]
[Site "Millfield"]
[Date "2000.08.01"]
[Round "2.31"]
[White "Morgan, Ben"]
[Black "Wise, David"]
[Result "1-0"]
[WhiteElo "2035"]
[BlackElo "2173"]
[PlyCount "75"]
[EventDate "2000.07.31"]
[EventType "swiss"]
[EventRounds "11"]
[EventCountry "GBR"]
[SourceTitle "BritBase"]
[SourceDate "2008.07.14"]
[SourceVersion "1"]
[SourceVersionDate "2008.07.14"]
[SourceQuality "2"]

1. e4 c5 2. c3 d5 3. exd5 Qxd5 4. d4 Nf6 5. Nf3 Bg4 6. dxc5 Qxc5 7. Na3 a6 8.
h3 Bh5 9. Be3 Qc7 10. Qa4+ Nbd7 11. g4 Bg6 12. Bf4 Qc8 13. Ne5 b5 14. Qd4 Be4
15. Rg1 e6 16. Nxb5 axb5 17. Bxb5 Bd5 18. g5 Qb7 19. Qd3 Be4 20. Qe2 Ra5 21. a4
Rxb5 22. Qxb5 Qxb5 23. axb5 Nxe5 24. Bxe5 Nd7 25. Bd4 e5 26. Be3 Bc5 27. Rg4
Bd5 28. Bxc5 Nxc5 29. c4 Bb7 30. Ra7 Bc8 31. Rg3 Nb7 32. b4 O-O 33. c5 e4 34.
b6 Rd8 35. c6 Nd6 36. b7 Bxb7 37. cxb7 Rb8 38. Ra8 1-0

[Event "GBR-ch87"]
[Site "Millfield"]
[Date "2000.08.01"]
[Round "2.32"]
[White "Collins, Sam IRL"]
[Black "Howell, David W"]
[Result "1-0"]
[WhiteElo "2172"]
[BlackElo "2020"]
[PlyCount "109"]
[EventDate "2000.07.31"]
[EventType "swiss"]
[EventRounds "11"]
[EventCountry "GBR"]
[SourceTitle "BritBase"]
[SourceDate "2008.07.14"]
[SourceVersion "1"]
[SourceVersionDate "2008.07.14"]
[SourceQuality "2"]

1. e4 e5 2. Nf3 Nc6 3. Bb5 Nf6 4. O-O Nxe4 5. d4 Nd6 6. Bxc6 dxc6 7. dxe5 Ne4
8. Qxd8+ Kxd8 9. Re1 Nc5 10. h3 Be7 11. Nc3 Ne6 12. Ne4 h6 13. Be3 b6 14. Rad1+
Ke8 15. Nfd2 c5 16. c3 Bb7 17. f4 g6 18. g4 Bh4 19. Re2 Rd8 20. Nf6+ Bxf6 21.
exf6 Bf3 22. Nxf3 Rxd1+ 23. Kf2 h5 24. g5 Rf8 25. Ne5 a5 26. Kf3 Kd8 27. Ke4
Kc8 28. f5 gxf5+ 29. Kxf5 Rf1+ 30. Bf2 Nd8 31. g6 a4 32. g7 Rg8 33. Nxf7 Nxf7
34. Kg6 Rd1 35. Kxf7 Rdd8 36. Kg6 Rd6 37. Bg3 Rd3 38. Kh7 Rxg7+ 39. fxg7 Rxg3
40. g8=Q+ Rxg8 41. Kxg8 b5 42. Re5 b4 43. Rxc5 bxc3 44. bxc3 Kb7 45. Rxh5 Kb6
46. c4 c5 47. a3 Kc6 48. Rd5 Kb6 49. Kf7 Kc6 50. Ke7 Kb6 51. Kd7 Kb7 52. Rxc5
Kb6 53. Rb5+ Ka7 54. Kc7 Ka6 55. h4 1-0

[Event "GBR-ch87"]
[Site "Millfield"]
[Date "2000.08.01"]
[Round "2.33"]
[White "Freeman, Richard CP"]
[Black "Snape, Ian"]
[Result "1/2-1/2"]
[WhiteElo "2025"]
[BlackElo "2170"]
[PlyCount "40"]
[EventDate "2000.07.31"]
[EventType "swiss"]
[EventRounds "11"]
[EventCountry "GBR"]
[SourceTitle "BritBase"]
[SourceDate "2008.07.14"]
[SourceVersion "1"]
[SourceVersionDate "2008.07.14"]
[SourceQuality "2"]

1. d4 Nf6 2. Bg5 Ne4 3. Bh4 g5 4. f3 gxh4 5. fxe4 c5 6. c3 Qb6 7. Qb3 Qxb3 8.
axb3 cxd4 9. cxd4 Nc6 10. Nf3 e6 11. Nc3 a6 12. e3 Nb4 13. Kf2 Nc2 14. Rb1 Be7
15. Rc1 Nb4 16. Na4 Bd8 17. Nc5 d6 18. Nd3 Nxd3+ 19. Bxd3 Bd7 20. g3 hxg3+
1/2-1/2

[Event "GBR-ch87"]
[Site "Millfield"]
[Date "2000.08.01"]
[Round "2.34"]
[White "Douglas, Timothy"]
[Black "Frost, Nicholas"]
[Result "1/2-1/2"]
[WhiteElo "2015"]
[BlackElo "2164"]
[PlyCount "136"]
[EventDate "2000.07.31"]
[EventType "swiss"]
[EventRounds "11"]
[EventCountry "GBR"]
[SourceTitle "BritBase"]
[SourceDate "2008.07.14"]
[SourceVersion "1"]
[SourceVersionDate "2008.07.14"]
[SourceQuality "2"]

1. e4 e6 2. d3 c5 3. Nf3 Nc6 4. g3 g6 5. Bg2 Bg7 6. O-O Nge7 7. Nbd2 O-O 8. Re1
d6 9. c3 e5 10. Nf1 h6 11. a3 Be6 12. Rb1 f5 13. b4 c4 14. dxc4 Bxc4 15. Ne3
Be6 16. exf5 gxf5 17. c4 e4 18. Nh4 Ne5 19. Nhxf5 Nxf5 20. Bxe4 Rb8 21. Nxf5
Bxf5 22. Qd5+ Kh8 23. Bxf5 Qf6 24. Bb2 Qxf5 25. f4 Ng6 26. Bxg7+ Kxg7 27. Qxd6
Rbd8 28. Qe6 Qxe6 29. Rxe6 Rd3 30. Rf1 Rf7 31. a4 Nf8 32. Re4 Rc7 33. g4 Rb3
34. c5 Ng6 35. f5 Nf8 36. Kg2 Kf7 37. h4 Kf6 38. Rd1 Rf7 39. Rd6+ Kg7 40. Rd5
Nh7 41. Rde5 Rb2+ 42. Kg3 Rb3+ 43. Kf4 Rh3 44. Re1 Nf6 45. h5 Rb3 46. b5 Rb4+
47. Kf3 Rxa4 48. Rc1 Ra3+ 49. Ke2 Nxg4 50. Re6 Nf6 51. c6 Nd5 52. Rg6+ Kh7 53.
Rd6 bxc6 54. bxc6 Nc3+ 55. Ke1 Nb5 56. Rd7 Re3+ 57. Kf2 Ree7 58. Rxe7 Rxe7 59.
f6 Rf7 60. Ke3 Nc7 61. Rd1 Kg8 62. Rd8+ Rf8 63. Rd7 Rc8 64. Ke4 Kf8 65. Kf5 Ne8
66. Rh7 Nxf6 67. Kxf6 Rxc6+ 68. Kf5 a6 1/2-1/2

[Event "GBR-ch87"]
[Site "Millfield"]
[Date "2000.08.02"]
[Round "3.3"]
[White "Lalic, Bogdan"]
[Black "Hunt, Harriet"]
[Result "1/2-1/2"]
[WhiteElo "2520"]
[BlackElo "2454"]
[PlyCount "41"]
[EventDate "2000.07.31"]
[EventType "swiss"]
[EventRounds "11"]
[EventCountry "GBR"]
[SourceTitle "BritBase"]
[SourceDate "2008.07.14"]
[SourceVersion "1"]
[SourceVersionDate "2008.07.14"]
[SourceQuality "2"]

1. d4 Nf6 2. Nf3 e6 3. g3 b5 4. Bg2 Bb7 5. O-O Be7 6. Qd3 a6 7. Bg5 Be4 8. Qd1
h6 9. Bxf6 Bxf6 10. Nbd2 Bxf3 11. Bxf3 d5 12. e4 c6 13. c3 O-O 14. a4 b4 15. a5
Nd7 16. Qa4 bxc3 17. bxc3 Qc7 18. Nb3 Rab8 19. Rab1 Rfd8 20. Kg2 Be7 21. Rfc1
1/2-1/2

[Event "GBR-ch87"]
[Site "Millfield"]
[Date "2000.08.02"]
[Round "3.4"]
[White "Pert, Nicholas"]
[Black "Ward, Chris"]
[Result "0-1"]
[WhiteElo "2455"]
[BlackElo "2508"]
[PlyCount "86"]
[EventDate "2000.07.31"]
[EventType "swiss"]
[EventRounds "11"]
[EventCountry "GBR"]
[SourceTitle "BritBase"]
[SourceDate "2008.07.14"]
[SourceVersion "1"]
[SourceVersionDate "2008.07.14"]
[SourceQuality "2"]

1. d4 Nf6 2. Nf3 c5 3. e3 g6 4. dxc5 Qa5+ 5. Nbd2 Bg7 6. a3 Qxc5 7. b4 Qc7 8.
Bb2 O-O 9. c4 a5 10. Be2 axb4 11. Qb3 Nc6 12. axb4 Rxa1+ 13. Bxa1 b6 14. O-O
Bb7 15. Bb2 Ra8 16. Rc1 Ng4 17. Bxg7 Kxg7 18. h3 Nge5 19. Qc3 f6 20. c5 Ra2 21.
b5 Nxf3+ 22. Bxf3 Na5 23. Bxb7 Nxb7 24. c6 Nc5 25. Nf3 Rxf2 26. Kxf2 Ne4+ 27.
Ke2 Nxc3+ 28. Rxc3 Kf7 29. Nd4 Ke8 30. Rc2 e5 31. Nb3 dxc6 32. bxc6 Kd8 33. Nd2
Kc8 34. Kd1 Qd6 35. c7 Qd3 36. e4 f5 37. exf5 gxf5 38. Rc6 Qd5 39. Rc3 e4 40.
Ke2 Qd4 41. Rc6 b5 42. Rc1 Qd3+ 43. Ke1 Qe3+ 0-1

[Event "GBR-ch87"]
[Site "Millfield"]
[Date "2000.08.02"]
[Round "3.6"]
[White "Gormally, Daniel W"]
[Black "McMichael, Richard"]
[Result "1-0"]
[WhiteElo "2499"]
[BlackElo "2250"]
[PlyCount "101"]
[EventDate "2000.07.31"]
[EventType "swiss"]
[EventRounds "11"]
[EventCountry "GBR"]
[SourceTitle "BritBase"]
[SourceDate "2008.07.14"]
[SourceVersion "1"]
[SourceVersionDate "2008.07.14"]
[SourceQuality "2"]

1. e4 e6 2. d4 d5 3. Nd2 dxe4 4. Nxe4 Bd7 5. Nf3 Bc6 6. Ned2 Nd7 7. Bd3 Ngf6 8.
O-O Be7 9. c4 O-O 10. b3 Re8 11. Bb2 a5 12. a3 Bd6 13. Qe2 Bxf3 14. Nxf3 c6 15.
Ne5 Qc7 16. f4 Rad8 17. Bc2 c5 18. dxc5 Bxc5+ 19. Kh1 Nf8 20. Rad1 Qb6 21. g4
N6d7 22. g5 Qc7 23. Ng4 Ng6 24. Be4 Bf8 25. Bc2 Nb8 26. Qe4 Rxd1 27. Bxd1 Rd8
28. f5 exf5 29. Qxf5 Nh4 30. Qe4 Qc6 31. Qxc6 Nxc6 32. Bc1 Nd4 33. Ne3 Ne6 34.
Nd5 b5 35. Nc3 Rc8 36. Bh5 g6 37. Bg4 Rc5 38. b4 axb4 39. axb4 Re5 40. Nd5 Bg7
41. Ne7+ Kf8 42. Nc6 Re4 43. Bxe6 Rxe6 44. cxb5 Nf5 45. Rd1 Nd6 46. b6 Nb7 47.
b5 Ke8 48. Bf4 Bf8 49. Ra1 Bd6 50. Bxd6 Rxd6 51. Ra7 1-0

[Event "GBR-ch87"]
[Site "Millfield"]
[Date "2000.08.02"]
[Round "3.9"]
[White "Emms, John"]
[Black "Vigus, James"]
[Result "1/2-1/2"]
[WhiteElo "2527"]
[BlackElo "2266"]
[PlyCount "50"]
[EventDate "2000.07.31"]
[EventType "swiss"]
[EventRounds "11"]
[EventCountry "GBR"]
[SourceTitle "BritBase"]
[SourceDate "2008.07.14"]
[SourceVersion "1"]
[SourceVersionDate "2008.07.14"]
[SourceQuality "2"]

1. e4 d6 2. d4 Nf6 3. Nc3 g6 4. Be3 Bg7 5. Qd2 c6 6. Nf3 Qa5 7. h3 Na6 8. a3 b5
9. Bd3 Nb4 10. O-O Nxd3 11. cxd3 O-O 12. Bh6 Qb6 13. e5 Ne8 14. Ne4 Be6 15. Qf4
f6 16. exf6 Nxf6 17. Qh4 Bxh6 18. Qxh6 Nxe4 19. dxe4 Rxf3 20. gxf3 Qxd4 21.
Rfe1 Rf8 22. f4 Qxb2 23. f5 Bc4 24. fxg6 Qxf2+ 25. Kh1 Qf3+ 1/2-1/2

[Event "GBR-ch87"]
[Site "Millfield"]
[Date "2000.08.02"]
[Round "3.10"]
[White "Mahesh Chandran, Panjanathan"]
[Black "Turner, Matthew"]
[Result "1/2-1/2"]
[WhiteElo "2238"]
[BlackElo "2491"]
[PlyCount "92"]
[EventDate "2000.07.31"]
[EventType "swiss"]
[EventRounds "11"]
[EventCountry "GBR"]
[SourceTitle "BritBase"]
[SourceDate "2008.07.14"]
[SourceVersion "1"]
[SourceVersionDate "2008.07.14"]
[SourceQuality "2"]

1. e4 c5 2. Nf3 Nc6 3. d4 cxd4 4. Nxd4 g6 5. c4 Bg7 6. Be3 Nf6 7. Nc3 O-O 8.
Be2 b6 9. O-O Bb7 10. f3 Nh5 11. Nxc6 dxc6 12. Qc2 Bd4 13. Qd2 e5 14. g3 Ng7
15. Rad1 Bxe3+ 16. Qxe3 Qe7 17. c5 Ne6 18. cxb6 axb6 19. f4 Nd4 20. f5 f6 21.
fxg6 hxg6 22. Qh6 Qh7 23. Bc4+ Kh8 24. Qe3 b5 25. Bb3 Rad8 26. Rd2 Kg7 27. Rff2
Bc8 28. Ne2 c5 29. Bd5 Be6 30. Nxd4 exd4 31. Qd3 Bxd5 32. exd5 Qh5 33. Qxb5
Qxd5 34. Rf1 Rfe8 35. Re2 Re3 36. Rxe3 dxe3 37. Qe2 Qe4 38. Qg2 Qg4 39. Qb7+
Rd7 40. Qb3 Qe2 41. Qe6 Rd1 42. Rxd1 Qxd1+ 43. Kg2 e2 44. Qe7+ Kh6 45. Qf8+ Kh5
46. Qxf6 Kh6 1/2-1/2

[Event "GBR-ch87"]
[Site "Millfield"]
[Date "2000.08.02"]
[Round "3.11"]
[White "Wells, Peter"]
[Black "Hempson, Peter"]
[Result "1-0"]
[WhiteElo "2506"]
[BlackElo "2219"]
[PlyCount "87"]
[EventDate "2000.07.31"]
[EventType "swiss"]
[EventRounds "11"]
[EventCountry "GBR"]
[SourceTitle "BritBase"]
[SourceDate "2008.07.14"]
[SourceVersion "1"]
[SourceVersionDate "2008.07.14"]
[SourceQuality "2"]

1. e4 c5 2. Nf3 Nc6 3. Bb5 g6 4. Bxc6 bxc6 5. O-O Bg7 6. Re1 e5 7. c3 Qb6 8. b3
d6 9. Ba3 Bg4 10. d4 exd4 11. Nbd2 Ne7 12. Nc4 Qc7 13. e5 dxe5 14. Bxc5 O-O-O
15. cxd4 Nf5 16. Ncxe5 Bxe5 17. Rxe5 Qxe5 18. dxe5 Rxd1+ 19. Rxd1 Bxf3 20. gxf3
a6 21. Bb6 Ne7 22. Rd6 Nd5 23. Ba5 Re8 24. f4 Nxf4 25. Rxc6+ Kb7 26. Rc7+ Ka8
27. Rxf7 Ne2+ 28. Kf1 Rxe5 29. Bd2 Re6 30. Rd7 Re4 31. Rxh7 Nd4 32. Be3 Nc6 33.
Rg7 Re6 34. Bc5 Kb8 35. b4 Kc8 36. a4 Ne5 37. Re7 Rxe7 38. Bxe7 Kd7 39. Bc5 Kc6
40. Ke2 Kd5 41. f4 Nc4 42. Kf3 Nb2 43. a5 Nc4 44. Kg4 1-0

[Event "GBR-ch87"]
[Site "Millfield"]
[Date "2000.08.02"]
[Round "3.12"]
[White "Wohl, Aleksandar"]
[Black "Willmoth, Robert"]
[Result "1/2-1/2"]
[WhiteElo "2461"]
[BlackElo "2211"]
[PlyCount "110"]
[EventDate "2000.07.31"]
[EventType "swiss"]
[EventRounds "11"]
[EventCountry "GBR"]
[SourceTitle "BritBase"]
[SourceDate "2008.07.14"]
[SourceVersion "1"]
[SourceVersionDate "2008.07.14"]
[SourceQuality "2"]

1. Nf3 d6 2. e4 Nf6 3. Nc3 c6 4. d4 Bg4 5. h3 Bh5 6. g4 Bg6 7. Qe2 e6 8. h4 h5
9. g5 Nfd7 10. Bg2 Be7 11. Bd2 d5 12. O-O-O Na6 13. Rhe1 dxe4 14. Nxe4 Qc7 15.
Qc4 O-O 16. Ng3 Bd6 17. Ne5 Nxe5 18. dxe5 Bxe5 19. f4 Bd6 20. Bf3 b5 21. Qxc6
Qxc6 22. Bxc6 Rac8 23. Be4 Nb4 24. Bxg6 fxg6 25. Bxb4 Bxf4+ 26. Kb1 Bxg3 27.
Rxe6 Rf2 28. c3 Bxh4 29. Rxg6 Re8 30. Bc5 Rg2 31. a4 Kh7 32. Ra6 Ree2 33. Ba3
b4 34. cxb4 Bxg5 35. Rh1 h4 36. b5 Bf6 37. b6 axb6 38. Rxb6 Re4 39. a5 Rge2 40.
a6 Re1+ 41. Rxe1 Rxe1+ 42. Kc2 h3 43. Bd6 Be5 44. a7 Bxd6 45. a8=Q h2 46. Rxd6
h1=Q 47. Qxh1+ Rxh1 48. b4 g5 49. b5 g4 50. Kb3 g3 51. Rd2 Rh2 52. Rd1 g2 53.
Rg1 Kg7 54. b6 Rh6 55. Rxg2+ Kf7 1/2-1/2

[Event "GBR-ch87"]
[Site "Millfield"]
[Date "2000.08.02"]
[Round "3.13"]
[White "Webster, Andrew"]
[Black "Briggs, Philip"]
[Result "1-0"]
[WhiteElo "2417"]
[BlackElo "2200"]
[PlyCount "55"]
[EventDate "2000.07.31"]
[EventType "swiss"]
[EventRounds "11"]
[EventCountry "GBR"]
[SourceTitle "BritBase"]
[SourceDate "2008.07.14"]
[SourceVersion "1"]
[SourceVersionDate "2008.07.14"]
[SourceQuality "2"]

1. g3 h5 2. Nf3 c5 3. c4 Nc6 4. Nc3 Nf6 5. Bg2 g6 6. a3 Bg7 7. Rb1 a5 8. d4 d6
9. d5 Nb8 10. e4 Ng4 11. Ng5 Bd4 12. O-O h4 13. Nb5 hxg3 14. hxg3 Bf6 15. f3
Ne5 16. f4 Nxc4 17. b3 Nb6 18. e5 Bxg5 19. fxg5 Bd7 20. Qe2 O-O 21. e6 Bxb5 22.
Qxb5 f6 23. gxf6 exf6 24. Bb2 Ra6 25. Rbe1 Nc8 26. g4 Rb6 27. Qd3 Kh7 28. g5
1-0